| 000 | 01353nam a2200121Ia 4500 | ||
|---|---|---|---|
| 008 | 220616s9999||||xx |||||||||||||| ||und|| | ||
| 245 | 0 |
_aMigration to and from Welfare States _bLived Experiences of the Welfare–Migration Nexus in a Globalised World |
|
| 546 | _aEnglish[eng] | ||
| 650 | _aMigration||Population Economics||Political Science||Human Migration||Open access||Immigration and emigration||Nexus of welfare provisions||Global social protection||Migration and integration||Population mobility||Rural to urban migration||Circular and return migration||Welfare-migration nexus||Citizenship||Welfare and mobility||Mobility of the elderly and family-based care||Chinese international students||Children's education and parental migration decisions||Migration and settlement aspirations||Labour mobility from Eastern European welfare states||Healthcare workers and migration||Gender equality in expatriate family migration||Old-age pensions across borders||Social protection across countries||Migration, immigration & emigration||Political economy||Population & demography||Political science & theory | ||
| 700 | _aRyndyk, Oleksandr||Suter, Brigitte||Odden, Gunhild | ||
| 856 | _uhttps://library.oapen.org/bitstream/20.500.12657/48235/1/9783030676155.pdf||https://library.oapen.org/bitstream/20.500.12657/48235/1/9783030676155.pdf | ||
| 942 | _cEB | ||
| 999 |
_c21190 _d21190 |
||